| 000 | 00801cam a2200193 i 4500 | ||
|---|---|---|---|
| 005 | 20251108174552.0 | ||
| 008 | 250721s2008 jo gr 000 0 ara d | ||
| 020 | _a9789957492021 | ||
| 082 | 1 | 4 |
_a212 _bط ب ر |
| 100 | 1 |
_aالطبراني، أبو القاسم سليمان بن أحمد أيوب _eمؤلف. |
|
| 245 | 1 | 0 |
_aالتفسير الكبير : _bتفسير القرآن العظيم للامام الطبراني/ _cتحقيق هشام البدراني . |
| 250 | _aالطبعة الاولى | ||
| 264 | 1 |
_aاربد : _bدار الكتاب الثقافي للطباعة والنشر والتوزيع، _c2008. |
|
| 300 | _a6 مجلد . | ||
| 650 | 1 | 7 | _aتفسير القرآن . |
| 700 | 1 |
_aالبدراني، هشام _eمحقق. |
|
| 942 |
_2ddc _cREF |
||
| 999 |
_c112492 _d112492 |
||